000 00388nam a2200145Ia 4500
008 220217s9999||||xx |||||||||||||| ||und||
020 _a9780070583535
082 _a004.65 KAS
100 _aKasera, Sumit
245 0 _aATM Networks: Concepts and Protocols
250 _a2
260 _aTata mcgraw hill
_bNew Delhi
_c2010
300 _axxvi;466
_b465
650 _aCOMPUTER NETWORK
999 _c183052
_d183052